LEADER 02586nam 2200697Ia 450 001 9910455627003321 005 20200520144314.0 010 $a1-282-42345-2 010 $a9786612423451 010 $a0-472-02349-7 024 7 $a10.3998/mpub.17267 035 $a(CKB)2520000000006898 035 $a(EBL)3414571 035 $a(OCoLC)743199474 035 $a(SSID)ssj0000425955 035 $a(PQKBManifestationID)11295203 035 $a(PQKBTitleCode)TC0000425955 035 $a(PQKBWorkID)10373462 035 $a(PQKB)11110278 035 $a(MiAaPQ)EBC3414571 035 $a(OCoLC)794702102 035 $a(MdBmJHUP)muse8470 035 $a(MiU)10.3998/mpub.17267 035 $a(Au-PeEL)EBL3414571 035 $a(CaPaEBR)ebr10355574 035 $a(CaONFJC)MIL242345 035 $a(EXLCZ)992520000000006898 100 $a20010403d2004 uy 0 101 0 $aeng 135 $aur|n|---||||| 181 $ctxt 182 $cc 183 $acr 200 10$aPreference pollution$b[electronic resource] $ehow markets create the desires we dislike /$fDavid George 210 $aAnn Arbor $cUniversity of Michigan Press$d2004 215 $a1 online resource (214 p.) 225 1 $aEconomics, Cognition, And Society 300 $aDescription based upon print version of record. 311 $a0-472-11220-1 311 $a0-472-08949-8 320 $aIncludes bibliographical references and index. 327 $aChapter 1. Introduction -- Chapter 2. Freedom to choose -- Chapter 3. Market failure in the shaping of tastes -- Chapter 4. Fortifications, extensions, clarifications -- Chapter 5. Market failure or human imperfection? -- Chapter 6. The critic's retreat -- Chapter 7. Sexual choices: the first order's rise and the second order's fall -- Chapter 8. Risk taking: the rise of the gambler -- Chapter 9. The surge of consumer credit -- Chapter 10. Conclusion. 330 $aExplores the failure of markets to shape desirable preferences 410 0$aEconomics, Cognition, And Society 606 $aConsumer behavior 606 $aConsumers' preferences 606 $aMarketing 608 $aElectronic books. 615 0$aConsumer behavior. 615 0$aConsumers' preferences. 615 0$aMarketing. 676 $a658.8/342 700 $aGeorge$b David$g(David L.)$01051006 712 02$aMichigan Publishing (University of Michigan) 801 0$bMiAaPQ 801 1$bMiAaPQ 801 2$bMiAaPQ 906 $aBOOK 912 $a9910455627003321 996 $aPreference pollution$92481226 997 $aUNINA LEADER 01774nas 2200517- 450 001 9910141361903321 005 20250917110109.0 011 $a2213-1345 035 $a(OCoLC)827179545 035 $a(CKB)2670000000283651 035 $a(CONSER)--2013250605 035 $a(DE-599)ZDB2695868-5 035 $a(DE-599)2695868-5 035 $a(EXLCZ)992670000000283651 100 $a20130130a20139999 o-- - 101 0 $aeng 135 $aur||||||||||| 181 $ctxt$2rdacontent 182 $cc$2rdamedia 183 $acr$2rdacarrier 200 00$aAstronomy and computing 210 1$a[Amsterdam] :$cElsevier B. V.,$dc2012- 215 $a1 online resource 300 $aRefereed/Peer-reviewed 311 08$a2213-1337 517 1 $aAstronomy & computing 517 1 $aA&C 606 $aAstronomy$xData processing$vPeriodicals 606 $aInformation storage and retrieval systems$xAstronomy$vPeriodicals 606 $aAstronomy$xMathematics$vPeriodicals 606 $aAstronomy$xInformation technology$vPeriodicals 606 $aAstronomy$xData processing$2fast$3(OCoLC)fst00819685 606 $aAstronomy$xMathematics$2fast$3(OCoLC)fst00819705 606 $aInformation storage and retrieval systems$xAstronomy$2fast$3(OCoLC)fst00972800 608 $aPeriodicals.$2fast 615 0$aAstronomy$xData processing 615 0$aInformation storage and retrieval systems$xAstronomy 615 0$aAstronomy$xMathematics 615 0$aAstronomy$xInformation technology 615 7$aAstronomy$xData processing. 615 7$aAstronomy$xMathematics. 615 7$aInformation storage and retrieval systems$xAstronomy. 906 $aJOURNAL 912 $a9910141361903321 996 $aAstronomy and computing$91891297 997 $aUNINA LEADER 01452oas 2200517 a 450 001 9910135066303321 005 20260218110052.0 035 $a(DE-599)ZDB2121288-0 035 $a(OCoLC)49885978 035 $a(CONSER) 2002222661 035 $a(CKB)110985822459218 035 $a(DE-599)2121288-0 035 $a(EXLCZ)99110985822459218 100 $a20020529a19969999 sy 101 0 $aeng 181 $ctxt$2rdacontent 182 $cc$2rdamedia 183 $acr$2rdacarrier 200 10$aCaucasian regional studies /$fthe International Association for Caucasian Regional Studies 210 $aTbilisi, Ga. $cThe Association$d[1996]- 300 $aTitle from journal home page (viewed Feb. 28, 2002). 311 08$a1027-8540 517 3 $aCRS 607 $aCaucasus$vPeriodicals 607 $aCaucase$vPe?riodiques 607 $aCaucasus$2fast$1https://id.oclc.org/worldcat/entity/E39PBJvmQdDFKvWPC3kQ3WRdwC 608 $aOnline resources. 608 $aPeriodicals.$2fast 712 02$aInternational Association for Caucasian Regional Studies 801 0$bCLU 801 1$bCLU 801 2$bOCLCQ 801 2$bMUQ 801 2$bZCU 801 2$bOCLCQ 801 2$bOCLCO 801 2$bCOO 801 2$bOCLCF 801 2$bOCLCQ 801 2$bOCLCO 801 2$bOCLCQ 801 2$bOCLCL 906 $aJOURNAL 912 $a9910135066303321 996 $aCaucasian regional studies$92294434 997 $aUNINA